Statistiques concernant Buteurs brésiliens en Coupe du Monde

Cliquez ici pour prendre le quiz!

Statistiques générales

  • Ce quiz a été pris 1 175 fois
    (760 depuis la dernière actualisation)
  • Le résultat moyen est 17 sur 84

Statistiques - réponses

Nombre de butsClubNom du joueur% Correct
8FC Barcelone, Paris Saint-GermainNeymar
97%
15Inter Milan, Real MadridRonaldo
97%
12Santos FCPelé
91%
2Paris Saint-GermainRonaldinho
81%
8FC BarceloneRivaldo
68%
2Paris Saint-GermainThiago Silva
64%
1Milan ACKaká
58%
3Tottenham HotspurRicharlison
56%
1Real MadridRoberto Carlos
56%
5Botafogo, CorinthiansGarrincha
51%
2ChelseaDavid Luiz
49%
1Real MadridVinícius Júnior
49%
1São Paulo FCOscar
43%
2ChelseaOscar
43%
5FC BarceloneRomário
42%
4Corinthians, FlamengoSócrates
41%
1Olympique LyonnaisJuninho
40%
1West Ham UnitedLucas Paquetá
38%
1Manchester UnitedCasemiro
36%
2Olympique Lyonnais, FluminenseFred
36%
2Manchester CityRobinho
36%
2FC BarcelonePhilippe Coutinho
35%
1LiverpoolRoberto Firmino
35%
5FlamengoZico
35%
2PalmeirasJair
34%
2Inter MilanAdriano
33%
1Bayern MunichZé Roberto
33%
9BotafogoJairzinho
31%
1FlamengoRoberto
29%
1Santos FCCarlos Alberto
24%
1Manchester CityFernandinho
24%
6Deportivo La Corogne, BotafogoBebeto
22%
1FC BarcelonePaulinho
19%
1Paris Saint-GermainRaí
19%
1Inter MilanMaicon
17%
1FlamengoLéo Júnior
12%
3FC SévilleLuís Fabiano
11%
2Atlético MineiroÉder
10%
9Vasco da Gama, PalmeirasVavá
10%
3Fluminense, BotafogoDidi
9%
1PortuguesaDjalma Santos
8%
1Girondins de BordeauxMárcio Santos
8%
1BotafogoNílton Santos
8%
6CorinthiansRivelino
8%
1Olympique LyonnaisEdmílson
7%
1Beijing GuoanRenato Augusto
7%
1São Paulo FCGérson
6%
1ParmeJúnior
6%
2GalatasarayElano
5%
1Hertha BerlinGilberto
5%
3AS RomePaulo Roberto Falcão
5%
8Vasco da GamaAdemir
4%
7São Paulo FC, SS NaplesCareca
4%
2Yokohama FlügelsCésar Sampaio
4%
1AS RomeJuan
4%
8Vasco da Gama, FlamengoLeônidas
4%
2Flamengo, BotafogoMário Zagallo
4%
3CruzeiroTostão
4%
2FlamengoZizinho
4%
1CorinthiansBranco
3%
2TorinoMüller
2%
3BotafogoAmarildo
1%
3CorinthiansBaltazar
1%
1Santos FCClodoaldo
1%
3Vasco da GamaDirceu
1%
1UdineseEdinho
1%
1São Paulo FCFriaça
1%
2PalmeirasJosé Altafini
1%
2BotafogoJosimar
1%
2FluminenseJulinho
1%
2CruzeiroNelinho
1%
2Vasco da GamaRoberto Dinamite
1%
2São Paulo FCSerginho
1%
1Santos FCZito
1%
1Vasco da GamaAlfredo
0%
4Vasco da GamaChico
0%
3BotafogoJosé Perácio
0%
1Vasco da GamaManeca
0%
2FlamengoModerato
0%
2PortuguesaPinga
0%
3FluminensePreguinho
0%
1BotafogoRildo
0%
3FluminenseRomeu
0%
1InternacionalValdomiro
0%

Distribution des résultats

Percentile par nombre de réponses

% des personnes avec chaque résultat

Votre développement - résultats

Vous n’avez pas pris ce quiz depuis la dernière actualisation